[Event "European Online Club-ch-H 2021"]
[Site "Online"]
[Date "2021.03.27"]
[Round "4.3"]
[White "Sertbay, Huseyin"]
[Black "Appendino, Jerome"]
[Result "1/2-1/2"]
[WhiteElo "2101"]
[BlackElo "2175"]
[Annotator "NA"]
[PlyCount "167"]
[EventDate "2021.03.27"]
[EventType "team-tourn"]
[EventCountry "NET"]
[SourceTitle "playchess.com"]
[Source "ChessBase"]
[SourceQuality "1"]
[TimeControl "900+5"]

1. d4 {[%emt 0:00:00]} d5 {[%emt 0:00:07]} 2. c4 {[%emt 0:00:02]} c6 {[%emt 0:00:02]} 3. cxd5 {[%emt 0:00:01]} cxd5 {[%emt 0:00:02]} 4. Bg5 {[%emt 0:00:02]} Nc6 {[%emt 0:00:11]} 5. Nc3 {[%emt 0:00:02]} h6 {[%emt 0:00:44]} 6. Bh4 {[%emt 0:00:01]} g5 {[%emt 0:00:01]} 7. Bg3 {[%emt 0:00:02]} Bg7 {[%emt 0:00:01]} 8. e3 {[%emt 0:00:01]} Nf6 {[%emt 0:00:17]} 9. Bd3 {[%emt 0:00:09]} Qa5 {[%emt 0:01:14]} 10. Nge2 {[%emt 0:03:18]} a6 {[%emt 0:00:32]} 11. Nc1 {[%emt 0:01:13]} b5 {[%emt 0:04:51]} 12. Nb3 {[%emt 0:00:11]} Qb6 {[%emt 0:00:06]} 13. h4 {[%emt 0:00:05]} g4 {[%emt 0:00:26]} 14. h5 {[%emt 0:00:05]} O-O {[%emt 0:00:13]} 15. Rc1 {[%emt 0:00:53]} Na5 {[%emt 0:00:14]} 16. Bb1 {[%emt 0:00:52]} Nc4 {[%emt 0:01:11]} 17. Qc2 {[%emt 0:00:05]} Bb7 {[%emt 0:00:31]} 18. Nc5 {[%emt 0:00:09]} Rfc8 {[%emt 0:00:19]} 19. Bh4 {[%emt 0:01:41]} Ne4 {[%emt 0:01:08]} 20. Bxe7 {[%emt 0:03:07]} Re8 {[%emt 0:00:28]} 21. N5xe4 {[%emt 0:00:03]} dxe4 {[%emt 0:01:10]} 22. Bc5 {[%emt 0:00:03]} Qc7 {[%emt 0:00:36]} 23. Qe2 {[%emt 0:00:03]} f5 {[%emt 0:00:14]} 24. b3 {[%emt 0:00:37]} Ne5 {[%emt 0:00:29]} 25. Ba3 {[%emt 0:00:13]} Qa5 {[%emt 0:00:33]} 26. Bc5 {[%emt 0:00:40]} Nd3+ {[%emt 0:00:15]} 27. Bxd3 {[%emt 0:00:10]} exd3 {[%emt 0:00:01]} 28. Qxd3 {[%emt 0:00:01]} Bxg2 {[%emt 0:00:02]} 29. Rg1 {[%emt 0:00:31]} Be4 {[%emt 0:00:07]} 30. Qd2 {[%emt 0:00:09]} Bb7 {[%emt 0:00:52]} 31. Ne2 {[%emt 0:00:01]} Qd8 {[%emt 0:00:09]} 32. Nf4 {[%emt 0:00:04]} Rc8 {[%emt 0:00:13]} 33. b4 {[%emt 0:00:03]} Bf3 {[%emt 0:00:12]} 34. Kf1 {[%emt 0:00:08]} Qd7 {[%emt 0:00:04]} 35. Qd3 {[%emt 0:00:22]} Qf7 {[%emt 0:00:09]} 36. Qb3 {[%emt 0:00:04]} Qxb3 {[%emt 0:00:03]} 37. axb3 {[%emt 0:00:01]} Kf7 {[%emt 0:00:07]} 38. Ra1 {[%emt 0:00:02]} Rc6 {[%emt 0:00:02]} 39. Ke1 {[%emt 0:00:14]} Bf8 {[%emt 0:00:05]} 40. Kd2 {[%emt 0:00:04]} Bd6 {[%emt 0:00:01]} 41. Ng6 {[%emt 0:00:09]} Bd5 {[%emt 0:00:13]} 42. Bxd6 {[%emt 0:00:11]} Rxd6 {[%emt 0:00:02]} 43. Ne5+ {[%emt 0:00:02]} Kf6 {[%emt 0:00:05]} 44. Rgc1 {[%emt 0:00:04]} Bxb3 {[%emt 0:00:05]} 45. Ke1 {[%emt 0:00:12]} Bd5 {[%emt 0:00:09]} 46. Rc7 {[%emt 0:00:04]} Kg5 {[%emt 0:00:03]} 47. Rg7+ {[%emt 0:00:32]} Kxh5 {[%emt 0:00:08]} 48. Kd2 {[%emt 0:00:01]} Rxe5 {[%emt 0:00:08]} 49. dxe5 {[%emt 0:00:05]} Re6 {[%emt 0:00:01]} 50. f4 {[%emt 0:00:11]} Be4 {[%emt 0:00:08]} 51. Ra2 {[%emt 0:00:24]} Kh4 {[%emt 0:00:03]} 52. Ke2 {[%emt 0:00:14]} g3 {[%emt 0:00:06]} 53. Ra7 {[%emt 0:00:17]} g2 {[%emt 0:00:06]} 54. Kf2 {[%emt 0:00:02]} Rc6 {[%emt 0:00:01]} 55. R7xa6 {[%emt 0:00:07]} Rc1 {[%emt 0:00:02]} 56. Rxh6+ {[%emt 0:00:05]} Kg4 {[%emt 0:00:02]} 57. Rg6+ {[%emt 0:00:10]} Kh3 {[%emt 0:00:02]} 58. Ra7 {[%emt 0:00:36]} Rc2+ {[%emt 0:00:19]} 59. Ke1 {[%emt 0:00:02]} Kh2 {[%emt 0:00:02]} 60. Rh7+ {[%emt 0:00:08]} Kg1 {[%emt 0:00:02]} 61. Rhg7 {[%emt 0:00:03]} Bf3 {[%emt 0:00:03]} 62. e6 {[%emt 0:00:32]} Re2+ {[%emt 0:00:04]} 63. Kd1 {[%emt 0:00:01]} Rxe3+ {[%emt 0:00:00]} 64. Kd2 {[%emt 0:00:04]} Re2+ {[%emt 0:00:05]} 65. Kd3 {[%emt 0:00:03]} Kf1 {[%emt 0:00:06]} 66. e7 {[%emt 0:00:08]} Bg4 {[%emt 0:00:16]} 67. Rxg4 {[%emt 0:00:06]} fxg4 {[%emt 0:00:02]} 68. Rxg4 {[%emt 0:00:11]} Rxe7 {[%emt 0:00:01]} 69. f5 {[%emt 0:00:05]} g1=Q {[%emt 0:00:03]} 70. Rxg1+ {[%emt 0:00:02]} Kxg1 {[%emt 0:00:01]} 71. Kd4 {[%emt 0:00:01]} Kf2 {[%emt 0:00:04]} 72. f6 {[%emt 0:00:01]} Re6 {[%emt 0:00:04]} 73. Kc5 {[%emt 0:00:15]} Rxf6 {[%emt 0:00:06]} 74. Kxb5 {[%emt 0:00:01]} Ke3 {[%emt 0:00:01]} 75. Kc5 {[%emt 0:00:01]} Ke4 {[%emt 0:00:05]} 76. b5 {[%emt 0:00:01]} Ke5 {[%emt 0:00:18]} 77. b6 {[%emt 0:00:02]} Rf1 {[%emt 0:00:03]} 78. b7 {[%emt 0:00:06]} Rb1 {[%emt 0:00:02]} 79. Kc6 {[%emt 0:00:02]} Ke6 {[%emt 0:00:02]} 80. Kc7 {[%emt 0:00:05]} Rc1+ {[%emt 0:00:02]} 81. Kd8 {[%emt 0:00:11]} Rb1 {[%emt 0:00:03]} 82. Kc8 {[%emt 0:00:03]} Kd6 {[%emt 0:00:03]} 83. b8=Q+ {[%emt 0:00:03]} Rxb8+ {[%emt 0:00:01]} 84. Kxb8 {[%emt 0:00:01]} 1/2-1/2

[Event "European Online Club-ch-H 2021"]
[Site "Online"]
[Date "2021.03.27"]
[Round "4.4"]
[White "Ould Ahmed, Samy"]
[Black "Atasoy, Ata"]
[Result "1/2-1/2"]
[WhiteElo "2110"]
[BlackElo "1636"]
[Annotator "NA"]
[PlyCount "133"]
[EventDate "2021.03.27"]
[EventType "team-tourn"]
[EventCountry "NET"]
[SourceTitle "playchess.com"]
[Source "ChessBase"]
[SourceQuality "1"]
[TimeControl "900+5"]

1. e4 {[%emt 0:00:00]} c5 {[%emt 0:00:02]} 2. Nf3 {[%emt 0:00:03]} e6 {[%emt 0:00:02]} 3. d4 {[%emt 0:00:00]} cxd4 {[%emt 0:00:00]} 4. Nxd4 {[%emt 0:00:01]} a6 {[%emt 0:00:01]} 5. Nc3 {[%emt 0:00:02]} Qc7 {[%emt 0:00:05]} 6. Be2 {[%emt 0:00:01]} Nf6 {[%emt 0:00:06]} 7. O-O {[%emt 0:00:03]} Be7 {[%emt 0:00:03]} 8. f4 {[%emt 0:00:08]} d6 {[%emt 0:00:04]} 9. Be3 {[%emt 0:00:02]} O-O {[%emt 0:00:03]} 10. a4 {[%emt 0:00:01]} b6 {[%emt 0:00:07]} 11. Bd3 {[%emt 0:01:48]} Bb7 {[%emt 0:00:12]} 12. g4 {[%emt 0:00:12]} g6 {[%emt 0:00:56]} 13. g5 {[%emt 0:00:39]} Nfd7 {[%emt 0:00:03]} 14. f5 {[%emt 0:02:50]} e5 {[%emt 0:01:11]} 15. Nde2 {[%emt 0:00:48]} Re8 {[%emt 0:00:19]} 16. Ng3 {[%emt 0:00:14]} Nc5 {[%emt 0:00:21]} 17. Qf3 {[%emt 0:00:08]} Bf8 {[%emt 0:00:21]} 18. Bc4 {[%emt 0:01:17]} Re7 {[%emt 0:00:57]} 19. fxg6 {[%emt 0:00:22]} hxg6 {[%emt 0:00:03]} 20. Nd5 {[%emt 0:00:53]} Bxd5 {[%emt 0:00:11]} 21. Bxd5 {[%emt 0:00:01]} Nc6 {[%emt 0:00:51]} 22. h4 {[%emt 0:01:16]} Rd8 {[%emt 0:01:33]} 23. h5 {[%emt 0:00:05]} Nb4 {[%emt 0:00:21]} 24. hxg6 {[%emt 0:00:18]} Nxd5 {[%emt 0:00:02]} 25. exd5 {[%emt 0:00:51]} fxg6 {[%emt 0:00:03]} 26. Bxc5 {[%emt 0:01:21]} Qxc5+ {[%emt 0:00:59]} 27. Rf2 {[%emt 0:00:03]} Bg7 {[%emt 0:00:30]} 28. Ne4 {[%emt 0:00:01]} Qc8 {[%emt 0:01:55]} 29. Nf6+ {[%emt 0:01:04]} Bxf6 {[%emt 0:00:42]} 30. gxf6 {[%emt 0:00:03]} Rh7 {[%emt 0:00:48]} 31. f7+ {[%emt 0:00:30]} Kf8 {[%emt 0:00:03]} 32. Qf6 {[%emt 0:01:49]} Qg4+ {[%emt 0:01:33]} 33. Rg2 {[%emt 0:00:03]} Qd4+ {[%emt 0:00:06]} 34. Rf2 {[%emt 0:00:18]} Qg4+ {[%emt 0:00:35]} 35. Rg2 {[%emt 0:00:02]} Qd4+ {[%emt 0:00:21]} 36. Rf2 {[%emt 0:00:09]} Rd7 {[%emt 0:02:04]} 37. c3 {[%emt 0:00:27]} Qh4 {[%emt 0:00:23]} 38. Qxh4 {[%emt 0:00:05]} Rxh4 {[%emt 0:00:00]} 39. Raf1 {[%emt 0:00:04]} Rxa4 {[%emt 0:00:07]} 40. Rf6 {[%emt 0:00:01]} Rg4+ {[%emt 0:00:06]} 41. Kh2 {[%emt 0:00:05]} Rf4 {[%emt 0:00:09]} 42. R1xf4 {[%emt 0:00:09]} exf4 {[%emt 0:00:00]} 43. Rxg6 {[%emt 0:00:02]} Kxf7 {[%emt 0:00:02]} 44. Rh6 {[%emt 0:00:02]} Ke7 {[%emt 0:00:13]} 45. Re6+ {[%emt 0:00:02]} Kf7 {[%emt 0:00:02]} 46. Kg2 {[%emt 0:00:01]} Re7 {[%emt 0:00:06]} 47. Rxd6 {[%emt 0:00:02]} Re2+ {[%emt 0:00:02]} 48. Kf3 {[%emt 0:00:01]} Rxb2 {[%emt 0:00:01]} 49. Rc6 {[%emt 0:00:06]} a5 {[%emt 0:00:07]} 50. Kxf4 {[%emt 0:00:02]} a4 {[%emt 0:00:01]} 51. Ke5 {[%emt 0:00:03]} a3 {[%emt 0:00:02]} 52. Rc7+ {[%emt 0:00:02]} Ke8 {[%emt 0:00:04]} 53. Ke6 {[%emt 0:00:14]} Kd8 {[%emt 0:00:15]} 54. Ra7 {[%emt 0:00:02]} a2 {[%emt 0:00:05]} 55. Kd6 {[%emt 0:00:01]} Kc8 {[%emt 0:00:05]} 56. c4 {[%emt 0:00:02]} Kb8 {[%emt 0:00:08]} 57. Ra6 {[%emt 0:00:01]} Kb7 {[%emt 0:00:01]} 58. Ra3 {[%emt 0:00:02]} Rc2 {[%emt 0:00:09]} 59. Ra4 {[%emt 0:00:04]} a1=Q {[%emt 0:00:06]} 60. Rxa1 {[%emt 0:00:02]} Rxc4 {[%emt 0:00:01]} 61. Rh1 {[%emt 0:00:01]} Rc7 {[%emt 0:00:05]} 62. Re1 {[%emt 0:00:04]} Rc1 {[%emt 0:00:07]} 63. Re7+ {[%emt 0:00:02]} Kc8 {[%emt 0:00:02]} 64. Re8+ {[%emt 0:00:06]} Kb7 {[%emt 0:00:03]} 65. Re7+ {[%emt 0:00:09]} Kc8 {[%emt 0:00:03]} 66. Re8+ {[%emt 0:00:11]} Kb7 {[%emt 0:00:02]} 67. Re7+ {[%emt 0:00:06]} 1/2-1/2

[Event "European Online Club-ch-H 2021"]
[Site "Online"]
[Date "2021.03.27"]
[Round "4.5"]
[White "Manik, Mikulas"]
[Black "Vasli, Aref"]
[Result "1-0"]
[WhiteElo "2353"]
[BlackElo "2384"]
[Annotator "NA"]
[PlyCount "51"]
[EventDate "2021.03.27"]
[EventType "team-tourn"]
[EventCountry "NET"]
[SourceTitle "playchess.com"]
[Source "ChessBase"]
[SourceQuality "1"]
[TimeControl "900+5"]

1. e4 {[%emt 0:00:00]} e5 {[%emt 0:00:02]} 2. Nf3 {[%emt 0:00:02]} Nc6 {[%emt 0:00:01]} 3. Bb5 {[%emt 0:00:02]} a6 {[%emt 0:00:02]} 4. Ba4 {[%emt 0:00:01]} Nf6 {[%emt 0:00:01]} 5. O-O {[%emt 0:00:02]} Be7 {[%emt 0:00:01]} 6. d3 {[%emt 0:00:02]} b5 {[%emt 0:00:03]} 7. Bb3 {[%emt 0:00:02]} d6 {[%emt 0:00:01]} 8. a4 {[%emt 0:00:02]} b4 {[%emt 0:00:02]} 9. Nbd2 {[%emt 0:00:03]} O-O {[%emt 0:00:09]} 10. Re1 {[%emt 0:00:05]} h6 {[%emt 0:00:02]} 11. h3 {[%emt 0:00:27]} Rb8 {[%emt 0:00:07]} 12. a5 {[%emt 0:00:27]} Be6 {[%emt 0:00:12]} 13. Nc4 {[%emt 0:00:10]} Qc8 {[%emt 0:00:05]} 14. Bd2 {[%emt 0:00:20]} Rd8 {[%emt 0:00:16]} 15. Ne3 {[%emt 0:01:07]} d5 {[%emt 0:00:25]} 16. exd5 {[%emt 0:01:53]} Nxd5 {[%emt 0:00:03]} 17. Ba4 {[%emt 0:00:09]} Nxa5 {[%emt 0:00:36]} 18. Nxe5 {[%emt 0:00:05]} Bf6 {[%emt 0:00:01]} 19. N3g4 {[%emt 0:01:20]} Bg5 {[%emt 0:02:11]} 20. Bxg5 {[%emt 0:02:26]} hxg5 {[%emt 0:00:04]} 21. Bc6 {[%emt 0:00:11]} Nxc6 {[%emt 0:01:51]} 22. Nxc6 {[%emt 0:00:04]} Qb7 {[%emt 0:00:06]} 23. Nxb8 {[%emt 0:01:15]} Rxb8 {[%emt 0:00:08]} 24. Qf3 {[%emt 0:00:06]} Qb6 {[%emt 0:00:32]} 25. Re5 {[%emt 0:00:46]} f6 {[%emt 0:00:19]} 26. Rxd5 {[%emt 0:00:06]} 1-0

[Event "European Online Club-ch-H 2021"]
[Site "Online"]
[Date "2021.03.27"]
[Round "4.6"]
[White "Bromann, Thorbjorn"]
[Black "Danada, Tomas"]
[Result "1/2-1/2"]
[WhiteElo "2392"]
[BlackElo "2321"]
[Annotator "NA"]
[PlyCount "115"]
[EventDate "2021.03.27"]
[EventType "team-tourn"]
[EventCountry "NET"]
[SourceTitle "playchess.com"]
[Source "ChessBase"]
[SourceQuality "1"]
[TimeControl "900+5"]

1. d4 {[%emt 0:00:00]} Nf6 {[%emt 0:00:03]} 2. Nc3 {[%emt 0:00:03]} d5 {[%emt 0:00:02]} 3. Bg5 {[%emt 0:00:01]} g6 {[%emt 0:00:42]} 4. Qd2 {[%emt 0:00:24]} h6 {[%emt 0:00:17]} 5. Bf4 {[%emt 0:00:12]} a6 {[%emt 0:00:14]} 6. f3 {[%emt 0:00:03]} Nh5 {[%emt 0:00:26]} 7. Be5 {[%emt 0:00:14]} f6 {[%emt 0:00:09]} 8. g4 {[%emt 0:00:21]} fxe5 {[%emt 0:01:50]} 9. gxh5 {[%emt 0:00:04]} Bg7 {[%emt 0:00:02]} 10. dxe5 {[%emt 0:00:15]} Bxe5 {[%emt 0:00:20]} 11. O-O-O {[%emt 0:00:17]} gxh5 {[%emt 0:01:11]} 12. Nxd5 {[%emt 0:01:04]} Nc6 {[%emt 0:00:16]} 13. f4 {[%emt 0:00:39]} e6 {[%emt 0:01:21]} 14. e4 {[%emt 0:04:27]} exd5 {[%emt 0:01:07]} 15. exd5 {[%emt 0:00:09]} Bxb2+ {[%emt 0:02:31]} 16. Kxb2 {[%emt 0:00:00]} Qf6+ {[%emt 0:00:02]} 17. c3 {[%emt 0:00:19]} Ne7 {[%emt 0:00:54]} 18. Re1 {[%emt 0:01:10]} Bf5 {[%emt 0:00:28]} 19. Qe3 {[%emt 0:00:12]} Rh7 {[%emt 0:00:31]} 20. Nf3 {[%emt 0:00:52]} O-O-O {[%emt 0:00:08]} 21. Qa7 {[%emt 0:00:32]} Qb6+ {[%emt 0:00:44]} 22. Qxb6 {[%emt 0:00:02]} cxb6 {[%emt 0:00:01]} 23. c4 {[%emt 0:00:01]} b5 {[%emt 0:00:07]} 24. Nd4 {[%emt 0:01:42]} bxc4 {[%emt 0:01:30]} 25. Rxe7 {[%emt 0:00:35]} Rxe7 {[%emt 0:00:02]} 26. Nxf5 {[%emt 0:00:01]} Re1 {[%emt 0:00:02]} 27. Ng3 {[%emt 0:00:43]} Kc7 {[%emt 0:00:16]} 28. Bxc4 {[%emt 0:01:14]} Rxh1 {[%emt 0:00:06]} 29. Nxh1 {[%emt 0:00:00]} Rf8 {[%emt 0:00:10]} 30. Ng3 {[%emt 0:00:35]} Rxf4 {[%emt 0:00:06]} 31. Kc3 {[%emt 0:00:06]} h4 {[%emt 0:00:20]} 32. Ne2 {[%emt 0:00:02]} Rf2 {[%emt 0:00:19]} 33. Kd4 {[%emt 0:00:09]} b5 {[%emt 0:00:10]} 34. Bd3 {[%emt 0:00:09]} Rxh2 {[%emt 0:00:17]} 35. Ke5 {[%emt 0:00:10]} Rh3 {[%emt 0:01:00]} 36. d6+ {[%emt 0:00:01]} Kd8 {[%emt 0:00:02]} 37. Nf4 {[%emt 0:00:09]} Rxd3 {[%emt 0:00:12]} 38. Nxd3 {[%emt 0:00:03]} h3 {[%emt 0:00:02]} 39. Ke6 {[%emt 0:01:05]} h2 {[%emt 0:00:02]} 40. Nf2 {[%emt 0:00:04]} b4 {[%emt 0:00:06]} 41. Kd5 {[%emt 0:00:05]} Kd7 {[%emt 0:00:06]} 42. Kc5 {[%emt 0:00:01]} a5 {[%emt 0:00:01]} 43. Kb5 {[%emt 0:00:02]} Kxd6 {[%emt 0:00:01]} 44. Kxa5 {[%emt 0:00:06]} Kc5 {[%emt 0:00:01]} 45. Nh1 {[%emt 0:00:13]} Kc4 {[%emt 0:00:03]} 46. Ka4 {[%emt 0:00:07]} Kc3 {[%emt 0:00:05]} 47. Kb5 {[%emt 0:00:04]} b3 {[%emt 0:00:22]} 48. axb3 {[%emt 0:00:02]} Kxb3 {[%emt 0:00:01]} 49. Kc5 {[%emt 0:00:00]} Kc3 {[%emt 0:00:01]} 50. Kd5 {[%emt 0:00:05]} Kd3 {[%emt 0:00:01]} 51. Ng3 {[%emt 0:00:15]} h5 {[%emt 0:00:08]} 52. Ke5 {[%emt 0:00:05]} h4 {[%emt 0:00:01]} 53. Nh1 {[%emt 0:00:01]} Ke3 {[%emt 0:00:02]} 54. Kd5 {[%emt 0:00:07]} Kf3 {[%emt 0:00:05]} 55. Kd4 {[%emt 0:00:03]} Kg2 {[%emt 0:00:16]} 56. Ke3 {[%emt 0:00:02]} Kxh1 {[%emt 0:00:09]} 57. Kf2 {[%emt 0:00:02]} h3 {[%emt 0:00:02]} 58. Kf1 {[%emt 0:00:00]} 1/2-1/2

[Event "European Online Club-ch-H 2021"]
[Site "Online"]
[Date "2021.03.27"]
[Round "4.7"]
[White "Zambor, Norbert"]
[Black "Carstensen, Jacob"]
[Result "1-0"]
[WhiteElo "2260"]
[BlackElo "2361"]
[Annotator "NA"]
[PlyCount "87"]
[EventDate "2021.03.27"]
[EventType "team-tourn"]
[EventCountry "NET"]
[SourceTitle "playchess.com"]
[Source "ChessBase"]
[SourceQuality "1"]
[TimeControl "900+5"]

1. e4 {[%emt 0:00:00]} c5 {[%emt 0:00:03]} 2. Nf3 {[%emt 0:00:14]} d6 {[%emt 0:00:02]} 3. Bb5+ {[%emt 0:00:12]} Nd7 {[%emt 0:00:01]} 4. O-O {[%emt 0:00:05]} a6 {[%emt 0:00:01]} 5. Bd3 {[%emt 0:00:08]} Ngf6 {[%emt 0:00:02]} 6. c3 {[%emt 0:00:21]} b5 {[%emt 0:00:09]} 7. Bc2 {[%emt 0:00:06]} c4 {[%emt 0:00:02]} 8. Re1 {[%emt 0:00:17]} e6 {[%emt 0:00:05]} 9. b3 {[%emt 0:00:07]} Bb7 {[%emt 0:00:08]} 10. Na3 {[%emt 0:01:13]} Qc7 {[%emt 0:00:23]} 11. Rb1 {[%emt 0:00:51]} cxb3 {[%emt 0:00:20]} 12. axb3 {[%emt 0:00:06]} d5 {[%emt 0:00:15]} 13. exd5 {[%emt 0:00:54]} Bxd5 {[%emt 0:00:04]} 14. c4 {[%emt 0:02:01]} Bb7 {[%emt 0:01:00]} 15. cxb5 {[%emt 0:02:24]} Bb4 {[%emt 0:00:06]} 16. Bd3 {[%emt 0:00:53]} Nc5 {[%emt 0:02:40]} 17. Bf1 {[%emt 0:00:17]} O-O {[%emt 0:00:19]} 18. Nc2 {[%emt 0:00:21]} a5 {[%emt 0:00:35]} 19. Bb2 {[%emt 0:01:55]} Ng4 {[%emt 0:00:54]} 20. Ne5 {[%emt 0:00:32]} Nxe5 {[%emt 0:00:38]} 21. Bxe5 {[%emt 0:00:05]} Qb6 {[%emt 0:00:07]} 22. Nxb4 {[%emt 0:01:25]} axb4 {[%emt 0:00:00]} 23. d4 {[%emt 0:00:29]} Nd7 {[%emt 0:00:07]} 24. Bf4 {[%emt 0:00:47]} Nf6 {[%emt 0:00:08]} 25. Be5 {[%emt 0:00:10]} Nd5 {[%emt 0:00:02]} 26. Bd3 {[%emt 0:00:09]} f6 {[%emt 0:00:07]} 27. Bg3 {[%emt 0:00:12]} Nc3 {[%emt 0:01:36]} 28. Qh5 {[%emt 0:00:25]} f5 {[%emt 0:00:02]} 29. Rbc1 {[%emt 0:00:36]} Qxd4 {[%emt 0:00:16]} 30. Bc4 {[%emt 0:00:03]} Bd5 {[%emt 0:00:13]} 31. Be5 {[%emt 0:00:03]} Qd2 {[%emt 0:00:22]} 32. Bxc3 {[%emt 0:00:10]} bxc3 {[%emt 0:00:02]} 33. Red1 {[%emt 0:00:03]} Bxc4 {[%emt 0:00:43]} 34. bxc4 {[%emt 0:00:08]} Qf4 {[%emt 0:00:41]} 35. Rxc3 {[%emt 0:00:04]} Rfd8 {[%emt 0:00:21]} 36. Rf1 {[%emt 0:00:05]} Ra2 {[%emt 0:00:11]} 37. Qf3 {[%emt 0:00:03]} Qd2 {[%emt 0:00:11]} 38. c5 {[%emt 0:00:04]} Rb2 {[%emt 0:00:07]} 39. b6 {[%emt 0:00:02]} Rb5 {[%emt 0:00:27]} 40. Rcc1 {[%emt 0:00:02]} Qb4 {[%emt 0:00:05]} 41. Qe3 {[%emt 0:00:02]} Kf7 {[%emt 0:00:07]} 42. h3 {[%emt 0:00:02]} Rd5 {[%emt 0:00:05]} 43. Rfe1 {[%emt 0:00:02]} e5 {[%emt 0:00:06]} 44. c6 {[%emt 0:00:06]} 1-0

[Event "European Online Club-ch-H 2021"]
[Site "Online"]
[Date "2021.03.27"]
[Round "4.8"]
[White "Laursen, Niels Norskov"]
[Black "Kusiak, Matej"]
[Result "1-0"]
[WhiteElo "2228"]
[BlackElo "2251"]
[Annotator "NA"]
[PlyCount "55"]
[EventDate "2021.03.27"]
[EventType "team-tourn"]
[EventCountry "NET"]
[SourceTitle "playchess.com"]
[Source "ChessBase"]
[SourceQuality "1"]
[TimeControl "900+5"]

1. e4 {[%emt 0:00:00]} c5 {[%emt 0:00:03]} 2. Nf3 {[%emt 0:00:03]} Nc6 {[%emt 0:00:01]} 3. Bb5 {[%emt 0:00:04]} Qb6 {[%emt 0:00:05]} 4. Nc3 {[%emt 0:00:43]} e6 {[%emt 0:00:02]} 5. Bxc6 {[%emt 0:01:24]} Qxc6 {[%emt 0:00:03]} 6. O-O {[%emt 0:00:43]} a6 {[%emt 0:00:24]} 7. a4 {[%emt 0:00:47]} b6 {[%emt 0:00:22]} 8. d4 {[%emt 0:00:19]} cxd4 {[%emt 0:00:10]} 9. Nxd4 {[%emt 0:00:01]} Qc7 {[%emt 0:00:03]} 10. Re1 {[%emt 0:00:29]} Bb7 {[%emt 0:00:42]} 11. Qd3 {[%emt 0:01:13]} Nf6 {[%emt 0:00:36]} 12. e5 {[%emt 0:02:32]} Nd5 {[%emt 0:01:16]} 13. Nxd5 {[%emt 0:00:17]} Bxd5 {[%emt 0:00:05]} 14. Qg3 {[%emt 0:00:49]} h5 {[%emt 0:00:52]} 15. h4 {[%emt 0:00:18]} Bb7 {[%emt 0:02:20]} 16. c3 {[%emt 0:00:16]} Rc8 {[%emt 0:01:01]} 17. Bf4 {[%emt 0:00:20]} Qd8 {[%emt 0:00:47]} 18. Rad1 {[%emt 0:00:29]} Rg8 {[%emt 0:01:04]} 19. Bg5 {[%emt 0:01:27]} Be7 {[%emt 0:00:04]} 20. Bxe7 {[%emt 0:00:36]} Qxe7 {[%emt 0:00:02]} 21. f4 {[%emt 0:00:34]} g6 {[%emt 0:01:22]} 22. Nf3 {[%emt 0:00:38]} Rc4 {[%emt 0:00:22]} 23. Ng5 {[%emt 0:00:22]} f6 {[%emt 0:01:41]} 24. exf6 {[%emt 0:00:43]} Qxf6 {[%emt 0:00:05]} 25. Qd3 {[%emt 0:00:20]} Rc7 {[%emt 0:02:08]} 26. Qd6 {[%emt 0:00:07]} Qd8 {[%emt 0:00:20]} 27. Rxe6+ {[%emt 0:00:24]} dxe6 {[%emt 0:00:03]} 28. Qxd8# {[%emt 0:00:02]} 1-0

[Event "European Online Club-ch-H 2021"]
[Site "Online"]
[Date "2021.03.27"]
[Round "4.9"]
[White "Vaisser, Anatoly"]
[Black "Parvanyan, Ashot"]
[Result "1-0"]
[WhiteElo "2501"]
[BlackElo "2436"]
[Annotator "ChessBase"]
[PlyCount "125"]
[EventDate "2021.03.27"]
[EventType "team-tourn"]
[EventCountry "NET"]
[SourceTitle "playchess.com"]
[Source "ChessBase"]
[SourceQuality "1"]
[TimeControl "900+5"]

1. d4 {[%emt 0:00:00]} Nf6 {[%emt 0:00:04]} 2. c4 {[%emt 0:00:02]} g6 {[%emt 0:00:30]} 3. Nc3 {[%emt 0:00:03]} Bg7 {[%emt 0:00:01]} 4. e4 {[%emt 0:00:03]} d6 {[%emt 0:00:02]} 5. f4 {[%emt 0:00:02]} O-O {[%emt 0:00:02]} 6. Nf3 {[%emt 0:00:03]} c5 {[%emt 0:00:03]} 7. d5 {[%emt 0:00:02]} e6 {[%emt 0:00:02]} 8. Be2 {[%emt 0:00:02]} exd5 {[%emt 0:00:06]} 9. cxd5 {[%emt 0:00:02]} Nbd7 {[%emt 0:01:34]} 10. O-O {[%emt 0:00:10]} Re8 {[%emt 0:00:19]} 11. Nd2 {[%emt 0:00:04]} c4 {[%emt 0:01:28]} 12. Kh1 {[%emt 0:00:11]} b5 {[%emt 0:00:06]} 13. Nxb5 {[%emt 0:00:20]} Nxe4 {[%emt 0:00:28]} 14. Nxe4 {[%emt 0:00:09]} Rxe4 {[%emt 0:00:00]} 15. Bf3 {[%emt 0:00:23]} Re7 {[%emt 0:01:12]} 16. Nxd6 {[%emt 0:00:08]} Ba6 {[%emt 0:00:22]} 17. Ne4 {[%emt 0:04:28]} c3 {[%emt 0:01:28]} 18. Nxc3 {[%emt 0:00:06]} Bxf1 {[%emt 0:00:04]} 19. Qxf1 {[%emt 0:00:04]} Rb8 {[%emt 0:00:43]} 20. f5 {[%emt 0:00:38]} Re8 {[%emt 0:00:34]} 21. Ne4 {[%emt 0:01:29]} Bxb2 {[%emt 0:01:11]} 22. Bxb2 {[%emt 0:00:15]} Rxb2 {[%emt 0:00:00]} 23. fxg6 {[%emt 0:00:39]} hxg6 {[%emt 0:00:06]} 24. Qc1 {[%emt 0:00:52]} Rb4 {[%emt 0:02:13]} 25. Nd6 {[%emt 0:00:30]} Rf8 {[%emt 0:01:04]} 26. a3 {[%emt 0:00:40]} Rb3 {[%emt 0:01:02]} 27. Qd1 {[%emt 0:01:15]} Nc5 {[%emt 0:02:18]} 28. Ne4 {[%emt 0:01:58]} Rd3 {[%emt 0:00:02]} 29. Qc2 {[%emt 0:00:05]} Nxe4 {[%emt 0:00:03]} 30. Bxe4 {[%emt 0:00:04]} Qf6 {[%emt 0:00:13]} 31. Qc1 {[%emt 0:00:52]} Rd4 {[%emt 0:00:04]} 32. Bf3 {[%emt 0:00:03]} Rb8 {[%emt 0:00:05]} 33. Qc7 {[%emt 0:00:40]} Rdb4 {[%emt 0:00:04]} 34. Rc1 {[%emt 0:00:26]} Rb1 {[%emt 0:00:03]} 35. h3 {[%emt 0:00:15]} Rxc1+ {[%emt 0:00:07]} 36. Qxc1 {[%emt 0:00:09]} Qd4 {[%emt 0:00:04]} 37. Qc7 {[%emt 0:00:10]} Rb1+ {[%emt 0:00:03]} 38. Kh2 {[%emt 0:00:03]} Qg1+ {[%emt 0:00:06]} 39. Kg3 {[%emt 0:00:02]} Qe1+ {[%emt 0:00:03]} 40. Kh2 {[%emt 0:00:13]} a5 {[%emt 0:00:04]} 41. Qf4 {[%emt 0:00:28]} Qc1 {[%emt 0:00:09]} 42. Qf6 {[%emt 0:00:10]} Qg1+ {[%emt 0:00:06]} 43. Kg3 {[%emt 0:00:03]} Qe1+ {[%emt 0:00:04]} 44. Kh2 {[%emt 0:00:02]} Qe3 {[%emt 0:00:07]} 45. d6 {[%emt 0:00:04]} Qd2 {[%emt 0:00:06]} 46. Be4 {[%emt 0:00:12]} Rb3 {[%emt 0:00:05]} 47. Bxg6 {[%emt 0:00:05]} fxg6 {[%emt 0:00:06]} 48. Qxg6+ {[%emt 0:00:02]} Kh8 {[%emt 0:00:03]} 49. Qf6+ {[%emt 0:00:04]} Kh7 {[%emt 0:00:03]} 50. Qf7+ {[%emt 0:00:02]} Kh6 {[%emt 0:00:02]} 51. Qxb3 {[%emt 0:00:02]} Qxd6+ {[%emt 0:00:02]} 52. Qg3 {[%emt 0:00:01]} Qd2 {[%emt 0:00:02]} 53. h4 {[%emt 0:00:06]} Qb2 {[%emt 0:00:03]} 54. Qg5+ {[%emt 0:00:04]} Kh7 {[%emt 0:00:01]} 55. Qxa5 {[%emt 0:00:04]} Qb8+ {[%emt 0:00:04]} 56. g3 {[%emt 0:00:06]} Qb2+ {[%emt 0:00:02]} 57. Kh3 {[%emt 0:00:02]} Qe2 {[%emt 0:00:02]} 58. Qf5+ {[%emt 0:00:07]} Kh8 {[%emt 0:00:04]} 59. h5 {[%emt 0:00:06]} Qe1 {[%emt 0:00:09]} 60. Kh4 {[%emt 0:00:14]} Qh1+ {[%emt 0:00:05]} 61. Kg5 {[%emt 0:00:03]} Qc1+ {[%emt 0:00:03]} 62. Kg6 {[%emt 0:00:06]} Qc8 {[%emt 0:00:30]} 63. Qxc8# {[%emt 0:00:04]} 1-0